| 000 | 00784nam a2200253 a 4500 | ||
|---|---|---|---|
| 001 | 58977 | ||
| 003 | BD-RJUL | ||
| 005 | 20211209080700.0 | ||
| 008 | 161220t19681938enk b 001 0 eng | ||
| 035 | _a(BD-RJUL)59101 | ||
| 040 |
_aDLC _cDLC _dBD-RJUL _beng |
||
| 041 | _aeng | ||
| 082 |
_a330.945 _223 _bWEF 1968 |
||
| 100 | 1 |
_aWelk, William George, _d1907- _9175378 |
|
| 245 | 1 | 0 |
_aFascist economic policy : _ban analysis of Italy's economic experiment / _cby William G. Welk. |
| 260 |
_aNew York, _bRussell & Russell _c1968. |
||
| 300 |
_axx, 365 p. ; _c22 cm. |
||
| 500 | _aInclude index | ||
| 650 | 0 |
_aFascism _zItaly. _9175379 |
|
| 651 | 0 |
_aItaly _xEconomic policy. _9175380 |
|
| 830 | 0 |
_aHarvard economic studies ; _v62. _9175387 |
|
| 942 |
_2ddc _cBK |
||
| 999 |
_c58977 _d58977 |
||